000 00327nam a2200157Ia 4500
100 _aCalcutt/David/ Cowan/Fred
650 _aMicrocontroller
942 _cBK
366 _f25
654 _a8051
245 _a8051 Microcontroller
260 _bElsevier
_c2004
082 _a4.16
_bCAL
300 _a408
546 _aENGLISH
999 _c23780
_d23780